000 01001nam a2200289 i 4500
001 bg
100 1 _aZiółkowski, Stanisław.
245 1 0 _aSystemy zarządzania jakością w małych i średnich firmach :
_bvademecum menedżera jakości /
_cStanisław Ziółkowski.
260 _aWarszawa :
_bWydawnictwa Naukowo-Techniczne,
_c2007.
300 _a146 s. :
_bil. ;
_c24 cm +
_edysk optyczny (CD ROM).
504 _aBibliogr. s. 117-119.
650 9 _aCertyfikacja jakości
650 9 _aJakość produktu
_xnormalizacja
650 9 _aNormy ISO 9000
650 9 _aPrzedsiębiorstwa małe i średnie
_xzarządzanie
650 9 _aZarządzanie jakością
655 _aPoradniki
020 _a9788320433630
040 _cBPK
041 0 _apol
044 _aPOL
080 _a658.114:005.6:006.3/.8](083.1)
920 _a978-83-204-3363-0
942 _cKS
008 s pl f |000 0 pol
999 _c54527
_d54527
856 _uhttp://koha.tu.koszalin.pl/cgi-bin/koha/opac-detail.pl?biblionumber=54527
_yKatalog online BPK